Only The Poets - Even Hell (Lyrics) - Statistics

General Stats
  • This quiz has been taken 14 times
  • The average score is 230 of 251
Answer Stats
Answer % Correct
a
100%
alone
100%
As
100%
as
100%
'cause
100%
'Cause
100%
come,
100%
I'm
100%
Even
100%
even
100%
feel
100%
feels
100%
go
100%
hell
100%
home
100%
I
100%
I'm
100%
in
100%
It's
100%
know,
100%
left
100%
like
100%
long
100%
nice
100%
not
100%
now
100%
road
100%
swear
100%
the
100%
to
100%
way
100%
When
100%
when
100%
with
100%
you
100%
alive,
90%
alive
90%
and
90%
Be
90%
but
90%
happens
90%
just
90%
lonely
90%
me
90%
my
90%
My
90%
So,
90%
wanna
90%
whatever
90%
Whatever
90%
You're
90%
you're
90%
are
80%
city
80%
dark,
80%
got
80%
Hold
80%
light
80%
This
80%
this
80%
tonight
80%
We've
80%
escape
70%
getaway
70%
hear
70%
heavy,
70%
inspiration
70%
On
70%
racing
70%
screen,
70%
TV
70%
all
60%
bird,
60%
car
60%
hearts
60%
magic
60%
Panic
60%
rats
60%
song
60%
steady,
60%
them
60%
breaking
50%
feather
50%
keep
50%
madness,
50%
mistakes,
50%
Their
50%
they
50%
walk
50%
better
40%
hug
40%
shoulders,
40%
believing
30%
consolation,
30%
made
20%
No matching quizzes found
Score Distribution
Percent of People with Each Score
Percentile by Number Answered
Your Score History
You have not taken this quiz